000 nam a22 a 4500
999 _c806
_d806
005 20170505125702.0
008 170505b1989 my ||||| |||| 00| 0 may d
040 _aAKMAL
082 _a297.124 MUQ
090 _a297.124
_bMUQ
100 1 _aHaji Muhamad Noor bin Datuk Haji Ibrahim,
_91746
245 1 0 _aMukaddimah mastika hadis rasulullah s.a.w /
_cSohib al-fadhilah Datuk Haji Muhamad Noor bin Haji Ibrahim
260 _aPutrajaya :
_bJAKIM,
_c1989
300 _a118p
_c23cm
546 _aTeks dalam skrip Jawi
942 _2ddc
_cBOOK